| 000 | 00478nam a22001457a 4500 | ||
|---|---|---|---|
| 003 | 0 | ||
| 005 | 20160609172239.0 | ||
| 008 | 130813t xxu||||| |||| 00| 0 eng d | ||
| 040 |
_aBUAC _bFr _cBEPAC |
||
| 100 |
_aADEOSSI, F. Giraude Filde _926300 |
||
| 245 |
_aContribution à l’étude des oiseaux du lac Toho dans le département du Mono _cADEOSSI, F. Giraude Filde |
||
| 260 |
_aAbomey-Calavi _bEcole Polytechnique d’Abomey-Calavi _c2007 |
||
| 300 | _a56 p. | ||
| 942 | _cTHE | ||
| 999 |
_c52528 _d52528 |
||